| 000 | 00370 a2200109 4500 | ||
|---|---|---|---|
| 001 | ART_59337 | ||
| 005 | 20260410162022.0 | ||
| 008 | 260409a | ||
| 245 | 1 | 0 | _aNaturaleza jurídica de los alimentos provisorios |
| 100 | 1 | _aScasserra, Selene I. | |
| 773 | 0 |
_tTemas de derecho de familia, sucesiones y bioética _g- Año 7, N° 10 (oct. 2023) _wREV41029 |
|
| 999 |
_c33193 _d33193 |
||